|
|
|
|
| LEADER |
00000nam a2200000 4500 |
| 001 |
vtls012013416 |
| 003 |
SK-MaSNL |
| 005 |
20260301080447.0 |
| 008 |
210205s2019 sz odclfrn 100 0deng |
| 015 |
|
|
|a SNBZSA2023/03
|
| 020 |
|
|
|a 9783030161019
|q (brožované)
|
| 020 |
|
|
|a 9783030160999
|q (eBook)
|
| 022 |
|
|
|a 2198-7246
|
| 040 |
|
|
|a SNK
|b slo
|c SNK
|e rda
|
| 041 |
0 |
|
|a eng
|
| 044 |
|
|
|a sz
|c CH
|
| 072 |
|
7 |
|a 658
|x Riadenie a správa podniku
|2 konspekt
|
| 080 |
|
|
|a 658.8:005.21
|2 2011
|
| 080 |
|
|
|a 005.21
|2 2011
|
| 080 |
|
|
|a 658.849.2
|2 2011
|
| 080 |
|
|
|a (062.534)
|2 2011
|
| 080 |
|
|
|a 658.8:658.624
|2 2011
|
| 111 |
2 |
|
|a Strategic Innovative Marketing
|n (6. :
|d 2017 :
|c Pafos, Cyprus)
|4 aut
|9 402200
|
| 245 |
1 |
0 |
|a Strategic innovative marketing
|b 6th IC-SIM, Pafos, Cyprus 2017
|c Damianos P. Sakas, Dimitrios K. Nasiopoulos, editors
|
| 264 |
|
1 |
|a Cham
|b Springer
|c [2019]
|
| 264 |
|
4 |
|a ©2019
|
| 300 |
|
|
|a xvi, 275 strán
|b fotografie, grafy, portréty, schémy, tabuľky
|c 24 cm
|
| 336 |
|
|
|a text
|b txt
|2 rdacontent
|
| 337 |
|
|
|a bez média
|b n
|2 rdamedia
|
| 338 |
|
|
|a zväzok
|b nc
|2 rdacarrier
|
| 490 |
1 |
|
|a Springer Proceedings in Business and Economics
|
| 500 |
|
|
|a Biografické údaje o autoroch. Poznámky
|
| 504 |
|
|
|a Bibliografia za jednotlivými príspevkami
|
| 650 |
0 |
7 |
|a strategický marketing
|2 SNKPH
|9 4278
|
| 650 |
0 |
7 |
|a strategický manažment
|2 SNKPH
|9 3637
|
| 650 |
0 |
7 |
|a priemyselný marketing
|2 SNKPH
|9 121697
|
| 650 |
0 |
7 |
|a Strategic marketing
|2 SNKPHeng
|9 314754
|
| 650 |
0 |
7 |
|a Strategic planning
|2 SNKPHeng
|9 290308
|
| 650 |
0 |
7 |
|a Industrial marketing
|2 SNKPHeng
|9 355404
|
| 650 |
0 |
7 |
|a marketing inovácií
|2 SNKPH
|9 125328
|
| 650 |
0 |
7 |
|a Innovation marketing
|2 SNKPHeng
|9 335159
|
| 655 |
|
7 |
|a zborníky konferencií
|2 SNKPH
|9 70153
|
| 655 |
|
7 |
|a Proceedings of conferences
|2 SNKPHeng
|9 265791
|
| 700 |
1 |
|
|a Sakas, Damianos P.
|4 edt
|9 180864
|
| 700 |
1 |
|
|a Nasiopoulos, Dimitrios K.
|4 edt
|9 193353
|
| 830 |
|
0 |
|a Springer Proceedings in Business and Economics
|9 361436
|
| 919 |
|
|
|a 978-3-030-16101-9
|
| 954 |
|
|
|a odborná, vedecká literatúra cudzojazyčná (svetová)
|2 lita
|
| 954 |
|
|
|a odborná, vedecká literatúra pôvodná (slovenská)
|2 lita
|
| 958 |
|
|
|a ZS
|
| 958 |
|
|
|a NB
|
| 999 |
|
|
|c 653246
|d 655176
|
| 952 |
|
|
|a SNK
|b SNK
|y PREZ
|7 0
|p 17A1449551
|o snkSC 191672
|i snk2021/483
|8 3
|0 0
|1 0
|4 0
|d 2021-02-05
|f 1
|l 0
|r 2025-10-08 00:00:00
|w 2026-02-23
|